| 000 | 00798cab a2200229 4500 | ||
|---|---|---|---|
| 001 | WB2703-46 | ||
| 008 | 090401t1991 xxu||||| |||| 00| 0 eng d | ||
| 035 | _a(Sirsi) u74361 | ||
| 041 | _aeng | ||
| 245 | _aBusiness backs toll road | ||
| 260 | _c1991 | ||
| 350 | _a0 | ||
| 490 |
_aSunday Times _v13 January 1991, 1.5(1) |
||
| 520 | _aMotorists will be asked to pay 5p a mile to drive the length of England under a £1bn scheme for an east-coast highway , joining the M11 at Cambridge and Newcastle upon Tyne, funded partly by private companies. | ||
| 650 | _aFUNDING | ||
| 650 | _aPRIVATE SECTOR | ||
| 650 | _aPROPERTY-INFRASTRUCTURE-TRANSPORT INFRASTRUCTURE-ROAD INFRASTRUCTURE | ||
| 650 | _aTOLL ROAD | ||
| 690 | _aTRANSPORT AND COMMUNICATIONS | ||
| 942 | _n0 | ||
| 948 | _c04/03/1997 | ||
| 999 |
_c46931 _d46931 |
||